| 000 | 01054nam0a22002651 4500 | ||
|---|---|---|---|
| 001 | rc\4560470 | ||
| 005 | 20260407112158.0 | ||
| 021 |
_aRU _b[57-27094] |
||
| 035 | _a(NLR Aleph) 008645973 | ||
| 090 |
_a8971825 _c8971825 |
||
| 100 | _a20130416d1957 |||y0rusy50 ca | ||
| 101 | 0 | _arus | |
| 102 | _aRU | ||
| 105 | _ay z ||||| | ||
| 200 | 1 |
_aИнструкция о переводе учащихся в старшие классы, о выпускных экзаменах в семилетних и средних школах и экзаменах на аттестат зрелости _fМ-во просвещения Литов. ССР |
|
| 210 |
_aВильнюс _cБ. и. _d1957 |
||
| 215 |
_a36 с. _d20 |
||
| 606 |
_aШкола _xПеревод учащихся _2psbo |
||
| 606 |
_aШкола _xЭкзамены _2psbo |
||
| 710 | 0 | 1 |
_aЛитССР _bМинистерство просвещения _3RU\NLR\AUTH\8810064191 _9629971 |
| 801 | 0 |
_aRU _bNLR _gpsbo |
|
| 801 | 1 |
_aRU _bELAR _2rusmarc |
|
| 852 |
_aNLR _j57-4/7247 |
||
| 942 | _cBOOK | ||
| 980 | _aNB | ||